LCP - partie 1 - Statistiques

Statistiques générales
  • Ce quiz a été pris 13 fois
  • Le résultat moyen est 3 sur 14
Statistiques - réponses
Apport Arrêt % Correct
Compétence de chaque État membre pour définir les conditions d’acquisition et de perte de la nationalité qui doit être exercée dans le respect du droit de l’Union CJCE, 1992, Micheletti
100%
Un autre État membre ne peut restreindre les effets de l’attribution de la nationalité par un État membre en vue de l’exercice de la liberté de circulation CJCE, 2003, Garcia Avello
50%
En cas de retrait de la nationalité, la juridiction nationale doit vérifier que la mesure nationale respecte le principe de proportionnalité en ce qui concerne les conséquences de la mesure nationale sur la situation de la personne au regard de la liberté de circulation CJUE, 2010, Rottmann
50%
En cas de perte de nationalité, la juridiction nationale doit vérifier que la mesure nationale respecte le principe de proportionnalité en ce qui concerne les conséquences de la mesure nationale sur la situation de la personne au regard de la liberté de circulation CJUE, 2019, Tjebbes
50%
Est un membre de famille du citoyen de l'UE, le conjoint même lorsque celui-ci ne vit pas sous le même toit que le citoyen de l'UE CJCE, 1985, Diatta
0%
Critère territorial et fonctionnel (directive) : le citoyen de l’Union est né sur le territoire d’un État membre autre que celui dont il a la nationalité CJCE, 2004, Zhu et Chen
0%
Droit de sortie du citoyen de l'UE (directive) : droit de quitter le territoire de tout EM pour se rendre dans un autre EM CJCE, 2008, Jipa
0%
Est un membre de famille du citoyen de l'UE, le conjoint, ressortissant d’un pays tiers, peu importe qu'il ait ou non séjourné légalement dans un autre État membre avant de rejoindre le citoyen de l’Union dans l’État membre d’accueil CJCE, 2008, Metock
0%
Critère territorial et fonctionnel (directive) : le citoyen se rend ou séjourne sur le territoire d’un État membre autre que celui dont il a la nationalité CJUE, 2011, Shirley McCarthy
0%
Critère personnel (directive) : un citoyen de l’Union est toute personne ayant la nationalité d’un EM peu importe son âge CJUE, 2011, Zambrano
0%
Inapplicabilité de la directive 2004/38 en l’absence d’un franchissement de frontière vers l’État d’accueil du citoyen de l’Union CJUE, 2012, Lida
0%
Est un membre de famille du citoyen de l'UE, le descendant direct de plus de 21 ans lorsqu'il est à charge c-a-d dans une situation objective de dépendance pour subvenir aux besoins essentiels, quelles que soient les raisons de cette dépendance, dès lors qu’elle existe dans le pays de provenance du descendant CJUE, 2014, Reyes
0%
Est un membre de famille du citoyen de l'UE, le conjoint du même sexe CJUE, 2018, Coman
0%
Est un membre de famille du citoyen de l'UE, l’enfant biologique et l’enfant adoptif d’un citoyen de l’Union, dès lors qu’il est établi que l’adoption crée un lien de filiation juridique entre l’enfant et le citoyen de l’Union ; tel n’est pas le cas d’un enfant sous tutelle légale permanente au titre de la kafala algérienne CJUE, 2019, SM
0%
Aucun quiz correspondant
Distribution des résultats
% des personnes avec chaque résultat
Percentile par nombre de réponses
Votre historique - résultats
Vous n’avez pas pris ce quiz